000 00728nam a2200241 i 4500
001 C2-0117431
003 PPAK
005 20180727110525.0
008 970727s1983 nyu |||| ||||| | eng d
020 _a0060152486
040 _aPPAK
_beng
_cPPAK
_erda
082 0 4 _a920
_223
090 0 0 _a920
_bTWE
_dG
245 0 0 _aTwentieth-century culture :
_ba biographical companion
250 _aBullock, Alan, 1914 ; Woodings, R.B. (Robert Bertram) ; Cumming, John ; 1st. U.S. ed.
264 1 _aNew York :
_bHarper Collins ,
_c1983
300 _axxx, 865 pages ;
_c24 cm
336 _2rdacontent
_atext
337 _2rdamedia
_aunmediated
338 _2rdacarrier
_avolume
650 1 0 _aBiography - 20th century
942 _ddc
_cB
999 _c31433
_d31433